[Event "15th Mikhail Chigorin Memorial"]
[Site "Sochi URS"]
[Date "1981.08.22"]
[Round "1"]
[Board "3"]
[White "Tseshkovsky, Vitaly"]
[Black "Lukov, Valentin"]
[Result "1-0"]
[WhiteElo "2575"]
[BlackElo "2395"]
[EventDate "1981.08.22"]
[PlyCount "109"]

1.e4 c5 2.Nf3 d6 3.d4 cxd4 4.Nxd4 Nf6 5.Nc3 a6 6.Be3 e5 7.Nb3 Be6 8.Qd2 
Nbd7 9.f3 b5 10.a4 b4 11.Nd5 Bxd5 12.exd5 Nb6 13.Bxb6 Qxb6 14.a5 Qb7 15.
Bc4 Be7 16.Ra4 Rb8 17.Qd3 Ra8 18.Qd2 Rb8 19.Nc1 e4 20.Na2 exf3 21.gxf3 Qd7
22.b3 Qh3 23.Rf1 Nd7 24.Nxb4 Nc5 25.Ra2 O-O 26.Kd1 Bf6 27.Nxa6 Nxb3 28.
cxb3 Rxb3 29.Kc2 Rc3+ 30.Qxc3 Bxc3 31.Kxc3 Rc8 32.Rff2 Qh4 33.f4 Qh3+ 34.
Kd4 Rxc4+ 35.Kxc4 Qc8+ 36.Kb5 Qb7+ 37.Ka4 Qxa6 38.Rfc2 g6 39.Rc6 Qd3 40.
Rac2 Qxd5 41.a6 Kg7 42.R2c4 Qd1+ 43.Kb5 Qb3+ 44.Rb4 Qd3+ 45.Kb6 Qd2 46.Rb3
Qd5 47.Rb5 Qe4 48.a7 Qe8 49.Ra5 Qe3+ 50.Ka6 Qe8 51.Rc7 h5 52.Rb5 h4 53.Rb4
Qe2+ 54.Kb7 Qe1 55.Rb6 1-0

[Event "15th Mikhail Chigorin Memorial"]
[Site "Sochi URS"]
[Date "1981.08.22"]
[Round "1"]
[Board "5"]
[White "Tseitlin, Mikhail"]
[Black "Lengyel, Levente"]
[Result "1/2-1/2"]
[WhiteElo "2500"]
[BlackElo "2400"]
[EventDate "1981.08.22"]
[PlyCount "95"]

1.e4 e5 2.Nf3 Nc6 3.d4 exd4 4.c3 dxc3 5.Nxc3 Bb4 6.Bc4 Nf6 7.O-O Bxc3 8.
bxc3 d6 9.Qb3 Qe7 10.e5 Nxe5 11.Nxe5 dxe5 12.Ba3 c5 13.Bb5+ Bd7 14.Bxd7+ 
Qxd7 15.Bxc5 Qc6 16.Ba3 O-O-O 17.Qxf7 Rd7 18.Qb3 Ne4 19.Bc1 Rhd8 20.Be3 
Nd2 21.Bxd2 Rxd2 22.Rae1 R2d3 23.Rxe5 Rxc3 24.Qf7 Qf6 25.Qxf6 gxf6 26.Re6 
Rd2 27.Rxf6 Rxa2 28.h4 Rd2 29.Ra1 a6 30.h5 Rc5 31.Rf8+ Rd8 32.Rxd8+ Kxd8 
33.g4 Ke7 34.Kg2 Rc6 35.Kf3 Kf6 36.Ke3 Kg5 37.f3 b5 38.Rd1 Re6+ 39.Kf2 Rb6
40.Rd5+ Kf6 41.Ke3 Ke6 42.Rc5 b4 43.Kd2 b3 44.Kc1 b2+ 45.Kb1 Rb3 46.Rc6+ 
Kf7 47.Rc7+ Kg8 48.h6 1/2-1/2

[Event "15th Mikhail Chigorin Memorial"]
[Site "Sochi URS"]
[Date "1981.08.22"]
[Round "1"]
[Board "7"]
[White "Pinter, Jozsef"]
[Black "Kharitonov, Andrei"]
[Result "1-0"]
[WhiteElo "2510"]
[BlackElo "2460"]
[EventDate "1981.08.22"]
[PlyCount "67"]

1.d4 Nf6 2.c4 e6 3.Nf3 Bb4+ 4.Bd2 Bxd2+ 5.Qxd2 b6 6.g3 Ba6 7.b3 d5 8.Bg2 
c5 9.Ne5 O-O 10.Nc3 Bb7 11.O-O Na6 12.Rfd1 Qe7 13.cxd5 exd5 14.Qf4 Rad8 
15.Rac1 Rfe8 16.Ng4 Ne4 17.Bxe4 dxe4 18.d5 Qd6 19.Qxd6 Rxd6 20.Ne3 Rd7 21.
Rd2 Nc7 22.Rcd1 Re5 23.a4 Ne8 24.Nc4 Ree7 25.a5 bxa5 26.Na4 Nd6 27.Nxc5 
Rd8 28.Nxa5 e3 29.fxe3 Rc7 30.b4 Ba8 31.Rd4 g6 32.e4 Re8 33.Nc4 Nxc4 34.
Rxc4 1-0

[Event "15th Mikhail Chigorin Memorial"]
[Site "Sochi URS"]
[Date "1981.08.23"]
[Round "2"]
[Board "2"]
[White "Tseshkovsky, Vitaly"]
[Black "Panchenko, Alexander"]
[Result "1-0"]
[WhiteElo "2575"]
[BlackElo "2530"]
[EventDate "1981.08.22"]
[PlyCount "87"]

1.e4 c5 2.Nf3 d6 3.d4 cxd4 4.Nxd4 Nf6 5.Nc3 a6 6.Be3 e6 7.Be2 Be7 8.O-O 
O-O 9.f4 Nc6 10.Qe1 Bd7 11.Rd1 Qc7 12.Bf3 Rac8 13.Qg3 b5 14.e5 Ne8 15.Kh1 
dxe5 16.fxe5 Nxe5 17.Bf4 f6 18.Bg4 Qc4 19.Bxe5 fxe5 20.Rxf8+ Bxf8 21.Nf3 
Nf6 22.Bh3 Qc7 23.Qxe5 Kh8 24.Ng5 h6 25.Nf7+ Kh7 26.Qe1 Bb4 27.Ne5 Bxc3 
28.bxc3 Re8 29.Nxd7 Nxd7 30.Bf5+ Kh8 31.Bg6 Rd8 32.h3 Nf8 33.Bd3 Qc6 34.
Qh4 Qd5 35.Rf1 Nh7 36.c4 bxc4 37.Bxc4 Qd6 38.Bxa6 Ng5 39.Bd3 Qa3 40.Qg4 
Rf8 41.Rxf8+ Qxf8 42.h4 Nh7 43.Qxe6 Nf6 44.a4 1-0

[Event "15th Mikhail Chigorin Memorial"]
[Site "Sochi URS"]
[Date "1981.08.23"]
[Round "2"]
[Board "3"]
[White "Gufeld, Eduard"]
[Black "Westerinen, Heikki"]
[Result "1-0"]
[WhiteElo "2520"]
[BlackElo "2425"]
[EventDate "1981.08.22"]
[PlyCount "71"]

1.e4 e5 2.Nf3 Nc6 3.Bb5 a6 4.Ba4 d6 5.Bxc6+ bxc6 6.d4 f6 7.Be3 g6 8.Qd2 
Bg7 9.Nc3 Ne7 10.O-O-O O-O 11.Bh6 Bg4 12.Bxg7 Kxg7 13.Qe3 Qb8 14.Rd3 Re8 
15.h3 Bxf3 16.Qxf3 Qb4 17.a3 Qc4 18.Qe3 Rab8 19.f4 exd4 20.Rxd4 Qc5 21.Qd2
Rb7 22.Re1 Reb8 23.b4 Qa7 24.e5 fxe5 25.fxe5 a5 26.exd6 cxd6 27.b5 cxb5 
28.Rxd6 Nf5 29.Rd5 b4 30.Nb5 Qb6 31.a4 Qf6 32.Kb1 Re7 33.g4 Rxe1+ 34.Qxe1 
Ne7 35.g5 Qf8 36.Rd7 1-0

[Event "15th Mikhail Chigorin Memorial"]
[Site "Sochi URS"]
[Date "1981.08.25"]
[Round "2"]
[Board "5"]
[White "Dvoirys, Semen"]
[Black "Vaisser, Anatoly"]
[Result "1-0"]
[WhiteElo "2450"]
[BlackElo "2385"]
[EventDate "1981.08.22"]
[PlyCount "93"]

1.e4 c5 2.Nf3 e6 3.d4 cxd4 4.Nxd4 Nf6 5.Nc3 Nc6 6.Ndb5 d6 7.Bf4 e5 8.Bg5 
a6 9.Na3 b5 10.Bxf6 gxf6 11.Nd5 f5 12.Bd3 Be6 13.Qh5 Bg7 14.O-O f4 15.c4 
bxc4 16.Bxc4 O-O 17.Rac1 Kh8 18.Rfd1 Rb8 19.b3 Qd7 20.Qh4 Rg8 21.Kh1 Nd4 
22.Nc2 Bxd5 23.Bxd5 Ne2 24.Ra1 Nc3 25.Rd3 Nxd5 26.Rxd5 f5 27.f3 Qc6 28.Na3
fxe4 29.fxe4 f3 30.gxf3 Qc3 31.Rf1 Rbf8 32.Qf2 Rf6 33.Qe2 Rgf8 34.Rd3 Qc5 
35.Nc4 Bh6 36.Rfd1 Bf4 37.Rxd6 Qc8 38.Rxf6 Rxf6 39.Nd6 Qf8 40.Nf5 Rg6 41.
Qd3 Rg8 42.Qxa6 Qf7 43.Rg1 Rd8 44.Qb6 Rc8 45.a4 Bxh2 46.Rg7 Qh5 47.Rg8+ 1-0

[Event "15th Mikhail Chigorin Memorial"]
[Site "Sochi URS"]
[Date "1981.08.23"]
[Round "2"]
[Board "7"]
[White "Espig, Lutz"]
[Black "Stefanov, Parik"]
[Result "1-0"]
[WhiteElo "2485"]
[BlackElo "2420"]
[EventDate "1981.08.22"]
[PlyCount "80"]

1.Nf3 Nf6 2.c4 c5 3.Nc3 b6 4.g3 Bb7 5.Bg2 e6 6.O-O Be7 7.b3 O-O 8.e3 d5 9.
Bb2 dxc4 10.bxc4 Nc6 11.Qe2 Qd7 12.Rfd1 Rad8 13.d4 cxd4 14.exd4 Qc8 15.d5 
Na5 16.Ne5 Qa8 17.Nb5 exd5 18.Nc7 Qc8 19.Nxd5 Nxd5 20.cxd5 Bc5 21.Qb5 Rd6 
22.Rac1 Rh6 23.Qe2 Qf5 24.Ng4 Rd6 25.Ne3 Qg5 26.h4 Qg6 27.Be5 Rdd8 28.h5 
Qg5 29.Bc7 Bxe3 30.Bxd8 Bxf2+ 31.Qxf2 Rxd8 32.Qf3 h6 33.Rc7 f6 34.Qf4 Qxh5
35.Re1 Re8 36.Rxe8+ Qxe8 37.Qg4 Qe3+ 38.Kh2 Qg5 39.Qxg5 hxg5 40.d6 Bxg2 1-0

[Event "15th Mikhail Chigorin Memorial"]
[Site "Sochi URS"]
[Date "1981.08.24"]
[Round "3"]
[Board "1"]
[White "Tseshkovsky, Vitaly"]
[Black "Pribyl, Josef"]
[Result "1/2-1/2"]
[WhiteElo "2575"]
[BlackElo "2440"]
[EventDate "1981.08.22"]
[PlyCount "83"]

1.e4 c5 2.Nf3 Nf6 3.e5 Nd5 4.Nc3 e6 5.Nxd5 exd5 6.d4 Nc6 7.dxc5 Bxc5 8.
Qxd5 Qb6 9.Bc4 Bxf2+ 10.Ke2 O-O 11.Rf1 Bc5 12.c3 d6 13.Ng5 Bg4+ 14.Ke1 
Nxe5 15.Qe4 g6 16.Rxf7 Nxf7 17.Bxf7+ Rxf7 18.Nxf7 Kxf7 19.Qxg4 Re8+ 20.Kd1
Qb5 21.Qf3+ Kg7 22.b3 Qd7 23.Kc2 Qc6 24.Qxc6 bxc6 25.Kd3 Rf8 26.b4 Bb6 27.
a4 a6 28.Be3 Bxe3 29.Kxe3 Re8+ 30.Kd3 Re5 31.c4 Kf6 32.b5 cxb5 33.cxb5 
axb5 34.a5 Re8 35.a6 Ra8 36.Kc3 Ke5 37.Kb4 d5 38.Kxb5 d4 39.Kc4 Ke4 40.
Re1+ Kf5 41.Ra1 Ke4 42.a7 1/2-1/2

[Event "15th Mikhail Chigorin Memorial"]
[Site "Sochi URS"]
[Date "1981.08.24"]
[Round "3"]
[Board "2"]
[White "Polugaevsky, Lev"]
[Black "Gufeld, Eduard"]
[Result "1-0"]
[WhiteElo "2610"]
[BlackElo "2520"]
[EventDate "1981.08.22"]
[PlyCount "121"]

1.d4 Nf6 2.c4 g6 3.Nc3 Bg7 4.e4 d6 5.Be2 O-O 6.Nf3 e5 7.O-O Nc6 8.d5 Ne7 
9.Ne1 Nd7 10.Nd3 f5 11.Bd2 Nf6 12.f3 Kh8 13.g4 c6 14.Kh1 b5 15.b3 Rb8 16.
a3 a5 17.Nf2 b4 18.axb4 axb4 19.Na2 fxe4 20.fxe4 cxd5 21.cxd5 Qb6 22.Nxb4 
Nfxd5 23.Nxd5 Nxd5 24.Ba5 Qe3 25.exd5 e4 26.Bd2 Qd4 27.Bh6 Bb7 28.Qxd4 
Bxd4 29.Bxf8 e3 30.Nh3 Bxd5+ 31.Kg1 Bxa1 32.Bxd6 Ra8 33.Rf8+ Rxf8 34.Bxf8 
Bxb3 35.Bc5 Kg7 36.Bxe3 Be5 37.Ng5 Bd5 38.Bf3 Bc4 39.Kg2 Bb3 40.Be4 Bc4 
41.Nf3 Bd6 42.Bd4+ Kg8 43.Nd2 Be6 44.h3 Kf7 45.Nf1 Ke7 46.Ne3 Kf8 47.Bd5 
Bd7 48.Nd1 Ba4 49.Nc3 Bc2 50.Ne4 Be7 51.Nf6 h6 52.Be4 Bxf6 53.Bc5+ Kg7 54.
Bxc2 h5 55.Kf3 hxg4+ 56.hxg4 g5 57.Ke4 Kg6 58.Bd4 Bd8 59.Ke5+ Kh6 60.Kf5 
Be7 61.Bb3 1-0

[Event "15th Mikhail Chigorin Memorial"]
[Site "Sochi URS"]
[Date "1981.08.25"]
[Round "4"]
[Board "5"]
[White "Espig, Lutz"]
[Black "Westerinen, Heikki"]
[Result "1-0"]
[WhiteElo "2485"]
[BlackElo "2425"]
[EventDate "1981.08.22"]
[PlyCount "109"]

1.Nf3 d5 2.g3 c6 3.Bg2 Nf6 4.O-O e6 5.d4 Be7 6.c4 O-O 7.Qc2 b6 8.Rd1 Bb7 
9.Nc3 Nbd7 10.b3 Rc8 11.e4 dxe4 12.Nxe4 c5 13.Nxf6+ Bxf6 14.Ng5 Bxg5 15.
Bxb7 Rc7 16.dxc5 Bxc1 17.Raxc1 Rxb7 18.c6 Rc7 19.Rxd7 Rxd7 20.cxd7 Qxd7 
21.Rd1 Qe7 22.Qd3 Re8 23.Qd7 Kf8 24.Qa4 a5 25.Qc6 Rd8 26.Rxd8+ Qxd8 27.c5 
bxc5 28.Qxc5+ Ke8 29.h4 Qd2 30.a3 Qd1+ 31.Kg2 Qxb3 32.Qxa5 Qb7+ 33.Kh2 g6 
34.a4 Kd7 35.Qc5 f5 36.Qd4+ Kc6 37.h5 gxh5 38.Kh3 Qb1 39.Kh4 Qh1+ 40.Kg5 
Qf3 41.a5 f4 42.Qc4+ Kb7 43.Qxe6 fxg3 44.Qb6+ Ka8 45.Qa6+ Kb8 46.Qd6+ Kb7 
47.fxg3 Qf7 48.a6+ Ka7 49.Qd4+ Ka8 50.Qe4+ Ka7 51.Qb7+ Qxb7 52.axb7 Kxb7 
53.Kh6 Kc6 54.Kxh7 Kd6 55.Kg6 1-0

[Event "15th Mikhail Chigorin Memorial"]
[Site "Sochi URS"]
[Date "1981.08.30"]
[Round "5"]
[Board "2"]
[White "Gufeld, Eduard"]
[Black "Dvoirys, Semen"]
[Result "1-0"]
[WhiteElo "2520"]
[BlackElo "2450"]
[EventDate "1981.08.22"]
[PlyCount "85"]

1.Nf3 Nf6 2.g3 c5 3.Bg2 Nc6 4.O-O g6 5.c4 Bg7 6.d4 cxd4 7.Nxd4 O-O 8.Nc3 
Ng4 9.e3 d6 10.b3 Bd7 11.Bb2 Rb8 12.Nd5 Nge5 13.f4 Nxd4 14.Bxd4 Nc6 15.
Bxg7 Kxg7 16.Qd2 b5 17.Rac1 b4 18.e4 f6 19.h3 Qa5 20.Kh2 Qc5 21.Rcd1 Rbd8 
22.Rf3 a5 23.Rd3 Be6 24.Qb2 Bf7 25.Ne3 Be6 26.Nc2 Rc8 27.Ne1 Rc7 28.R3d2 
Kg8 29.Nd3 Qd4 30.Qc1 Qa7 31.Re1 Nd8 32.Qb2 Nb7 33.e5 Bf5 34.Nf2 dxe5 35.
fxe5 Nc5 36.Red1 Qb6 37.Ng4 Bxg4 38.hxg4 Kg7 39.Rf1 Qe6 40.exf6+ exf6 41.
g5 Rd7 42.gxf6+ Kh6 43.Bh3 1-0

[Event "15th Mikhail Chigorin Memorial"]
[Site "Sochi URS"]
[Date "1981.08.??"]
[Round "5"]
[Board "3"]
[White "Pinter, Jozsef"]
[Black "Tseshkovsky, Vitaly"]
[Result "1/2-1/2"]
[WhiteElo "2510"]
[BlackElo "2575"]
[EventDate "1981.08.22"]
[PlyCount "60"]

1.d4 Nf6 2.c4 g6 3.Nc3 d5 4.Bf4 Bg7 5.e3 c5 6.dxc5 Qa5 7.Nf3 Ne4 8.Be5 
Bxe5 9.Nxe5 Nxc3 10.Qd2 f6 11.Nf3 Nc6 12.Qxc3 Qxc3+ 13.bxc3 dxc4 14.Bxc4 
Bd7 15.Rb1 Na5 16.Bb5 a6 17.Bxd7+ Kxd7 18.Ke2 Rhc8 19.Rhd1+ Ke8 20.Rd5 Rc7
21.Nd4 Kf7 22.Nb3 Nc4 23.Rd4 Ne5 24.Rbd1 Nc6 25.Rd5 Rac8 26.f4 Ke8 27.h4 
Nd8 28.h5 Ne6 29.hxg6 hxg6 30.Rh1 Kf7 1/2-1/2

[Event "15th Mikhail Chigorin Memorial"]
[Site "Sochi URS"]
[Date "1981.08.??"]
[Round "5"]
[Board "4"]
[White "Polugaevsky, Lev"]
[Black "Espig, Lutz"]
[Result "1/2-1/2"]
[WhiteElo "2610"]
[BlackElo "2485"]
[EventDate "1981.08.22"]
[PlyCount "64"]

1.c4 Nf6 2.Nc3 d6 3.d4 Nbd7 4.e4 e5 5.Nf3 Be7 6.g3 O-O 7.Bg2 c6 8.O-O a6 
9.Qe2 Qc7 10.b3 b5 11.Bb2 Bb7 12.Rac1 Rfe8 13.a3 bxc4 14.dxe5 Nxe5 15.Nxe5
dxe5 16.Qxc4 a5 17.Nd5 Nxd5 18.exd5 Ba6 19.Qxc6 Qxc6 20.dxc6 Bxf1 21.Bxf1 
Bd6 22.c7 Kf8 23.Bh3 Rec8 24.Bxc8 Rxc8 25.Kg2 Rxc7 26.Rxc7 Bxc7 27.g4 f6 
28.Bc3 Ke7 29.a4 g6 30.b4 axb4 31.Bxb4+ Kd7 32.h3 Kc6 1/2-1/2

[Event "15th Mikhail Chigorin Memorial"]
[Site "Sochi URS"]
[Date "1981.08.??"]
[Round "5"]
[Board "6"]
[White "Westerinen, Heikki"]
[Black "Kharitonov, Andrei"]
[Result "1-0"]
[WhiteElo "2425"]
[BlackElo "2460"]
[EventDate "1981.08.22"]
[PlyCount "87"]

1.e4 e5 2.Nf3 Nc6 3.Bb5 a6 4.Ba4 Nf6 5.O-O Nxe4 6.d4 b5 7.Bb3 d5 8.dxe5 
Be6 9.c3 Nc5 10.Bc2 Bg4 11.Bf4 Be7 12.Nbd2 d4 13.Nb3 d3 14.Bb1 Ne6 15.Bg3 
Bf5 16.Ne1 Qd5 17.Bxd3 Rd8 18.Bc2 Qc4 19.Nd2 Bxc2 20.Qxc2 Qe2 21.Ne4 Qxc2 
22.Nxc2 h5 23.h4 Nc5 24.Nxc5 Bxc5 25.Rfd1 Ke7 26.e6 Kxe6 27.Bxc7 Rc8 28.
Bf4 Rhd8 29.Be3 Bxe3 30.Nxe3 Ne5 31.Kf1 f5 32.g3 Nd3 33.Rd2 f4 34.Ng2 f3 
35.Rad1 fxg2+ 36.Kg1 b4 37.Rxd3 Rxd3 38.Rxd3 bxc3 39.Rxc3 Rxc3 40.bxc3 Kd5
41.f4 Kc4 42.g4 hxg4 43.h5 Kxc3 44.f5 1-0

[Event "15th Mikhail Chigorin Memorial"]
[Site "Sochi URS"]
[Date "1981.08.??"]
[Round "5"]
[Board "8"]
[White "Vaisser, Anatoly"]
[Black "Lengyel, Levente"]
[Result "1-0"]
[WhiteElo "2385"]
[BlackElo "2400"]
[EventDate "1981.08.22"]
[PlyCount "43"]

1.d4 Nf6 2.c4 e6 3.Nc3 Bb4 4.e3 c5 5.Ne2 cxd4 6.exd4 d5 7.c5 Ne4 8.Bd2 
Nxd2 9.Qxd2 O-O 10.a3 Bxc3 11.Nxc3 b6 12.b4 bxc5 13.dxc5 d4 14.Nb5 e5 15.
Be2 Bb7 16.O-O Bd5 17.f4 a6 18.Nd6 f6 19.fxe5 fxe5 20.Rxf8+ Qxf8 21.Rf1 
Qd8 22.Bf3 1-0

[Event "15th Mikhail Chigorin Memorial"]
[Site "Sochi URS"]
[Date "1981.08.29"]
[Round "6"]
[Board "3"]
[White "Espig, Lutz"]
[Black "Gufeld, Eduard"]
[Result "1/2-1/2"]
[WhiteElo "2485"]
[BlackElo "2520"]
[EventDate "1981.08.22"]
[PlyCount "83"]

1.Nf3 g6 2.e4 d6 3.d4 Nf6 4.Nc3 Bg7 5.h3 O-O 6.Be3 a6 7.a4 b6 8.Bc4 e6 9.
e5 dxe5 10.Nxe5 Bb7 11.O-O Nbd7 12.Nd3 Ne8 13.Nf4 Nd6 14.Bd3 e5 15.dxe5 
Nxe5 16.Be2 Nf5 17.Qxd8 Raxd8 18.Rad1 Nxe3 19.fxe3 Rfe8 20.Nfd5 Rd7 21.e4 
h5 22.g3 Re6 23.Nf4 Red6 24.Rxd6 Rxd6 25.Ncd5 Kh7 26.c4 a5 27.Rd1 Nd7 28.
Nxc7 Rxd1+ 29.Bxd1 Bxb2 30.Nfd5 Be5 31.Kf2 Bxc7 32.Nxc7 Bxe4 33.Ke3 Bc6 
34.Nd5 Bxd5 35.cxd5 Kg7 36.Kd4 Kf6 37.d6 Ke6 38.Bb3+ Kxd6 39.Bxf7 Ne5 40.
Be8 h4 41.gxh4 Nf3+ 42.Ke4 1/2-1/2

[Event "15th Mikhail Chigorin Memorial"]
[Site "Sochi URS"]
[Date "1981.08.29"]
[Round "6"]
[Board "5"]
[White "Kharitonov, Andrei"]
[Black "Polugaevsky, Lev"]
[Result "1/2-1/2"]
[WhiteElo "2460"]
[BlackElo "2610"]
[EventDate "1981.08.22"]
[PlyCount "81"]

1.d4 Nf6 2.Nf3 e6 3.c4 b6 4.Nc3 Bb4 5.e3 O-O 6.Bd3 Bb7 7.O-O d5 8.cxd5 
exd5 9.Bd2 Bd6 10.Rc1 c5 11.Ne5 Nc6 12.Nxc6 Bxc6 13.dxc5 bxc5 14.Na4 c4 
15.Bb1 Rb8 16.Bc3 Re8 17.Bd4 Be5 18.Bxe5 Rxe5 19.Qd4 Re7 20.Nc5 Qb6 21.b3 
Bb5 22.Rfd1 Rc7 23.b4 a5 24.a3 axb4 25.axb4 Re7 26.Bc2 h6 27.Ra1 Ra7 28.
Rxa7 Qxa7 29.Ra1 Qb6 30.h3 Be8 31.Qe5 Qd8 32.Rb1 Bb5 33.Rd1 Qe8 34.Qf4 Ra8
35.Bf5 Qb8 36.Qd4 Qa7 37.Qe5 Qa3 38.Nb7 Re8 39.Qd4 Rb8 40.Qc5 Be8 41.Nd6 1/2-1/2

[Event "15th Mikhail Chigorin Memorial"]
[Site "Sochi URS"]
[Date "1981.08.30"]
[Round "7"]
[Board "1"]
[White "Pinter, Jozsef"]
[Black "Pribyl, Josef"]
[Result "1/2-1/2"]
[WhiteElo "2510"]
[BlackElo "2440"]
[EventDate "1981.08.22"]
[PlyCount "77"]

1.d4 Nf6 2.c4 g6 3.Nc3 d5 4.cxd5 Nxd5 5.e4 Nxc3 6.bxc3 Bg7 7.Bc4 c5 8.Ne2 
Nc6 9.Be3 O-O 10.O-O cxd4 11.cxd4 Bg4 12.f3 Na5 13.Bd3 Be6 14.d5 Bxa1 15.
Qxa1 f6 16.Rb1 Bf7 17.Bh6 Re8 18.Bb5 Qd6 19.Bxe8 Bxe8 20.Qc3 b6 21.Rc1 Nb7
22.Be3 Kf7 23.Qd2 Qd8 24.Nd4 Rc8 25.Rf1 Qd6 26.Ne6 Bd7 27.Bf4 Qa3 28.e5 
Qc3 29.Qf2 Kg8 30.exf6 exf6 31.Re1 Re8 32.Rc1 Qd3 33.Qd4 Qxd4+ 34.Nxd4 Nc5
35.Bd6 Nd3 36.Rd1 Nb2 37.Rc1 Nd3 38.Rd1 Nb2 39.Rc1 1/2-1/2

[Event "15th Mikhail Chigorin Memorial"]
[Site "Sochi URS"]
[Date "1981.09.02"]
[Round "7"]
[Board "2"]
[White "Dvoirys, Semen"]
[Black "Espig, Lutz"]
[Result "1-0"]
[WhiteElo "2450"]
[BlackElo "2485"]
[EventDate "1981.08.22"]
[PlyCount "121"]

1.e4 c5 2.Nf3 e6 3.d4 cxd4 4.Nxd4 Nf6 5.Nc3 d6 6.Be2 Nc6 7.O-O Be7 8.Be3 
O-O 9.f4 Qc7 10.Kh1 Nxd4 11.Qxd4 e5 12.Qd3 a6 13.a4 exf4 14.Bxf4 Be6 15.
Rfd1 Rfd8 16.a5 Rac8 17.Ra4 b5 18.axb6 Qxb6 19.Rb1 a5 20.Qa6 Rb8 21.Qxa5 
Rdc8 22.Qxb6 Rxb6 23.Be3 Rbb8 24.Bd4 Bd8 25.Bd3 Nd7 26.b4 Bb6 27.Ne2 Bc4 
28.Bxb6 Bxd3 29.cxd3 Rxb6 30.Kg1 g6 31.b5 Rc2 32.Nf4 Rc5 33.Rab4 Nf6 34.h3
Re5 35.Kf2 d5 36.Kf3 Kf8 37.Ne2 dxe4+ 38.dxe4 Rc5 39.R1b3 Nd7 40.Ke3 Ke7 
41.Nc3 Rb7 42.Kd4 Kd6 43.Ra3 Ne5 44.Rba4 Rcxb5 45.Nxb5+ Rxb5 46.Ra6+ Ke7 
47.Rc3 Nd7 48.Rc7 Rb1 49.Raa7 Rd1+ 50.Ke3 h5 51.Rc3 Kf6 52.Rd3 Rxd3+ 53.
Kxd3 Nc5+ 54.Kd4 Ne6+ 55.Kd5 Nf4+ 56.Kd6 g5 57.Ra2 h4 58.Rf2 Kg6 59.Ke7 
Kg7 60.Rxf4 gxf4 61.e5 1-0

[Event "15th Mikhail Chigorin Memorial"]
[Site "Sochi URS"]
[Date "1981.08.30"]
[Round "7"]
[Board "8"]
[White "Westerinen, Heikki"]
[Black "Lukov, Valentin"]
[Result "1-0"]
[WhiteElo "2425"]
[BlackElo "2395"]
[EventDate "1981.08.22"]
[PlyCount "117"]

1.e4 c5 2.f4 Nc6 3.Nf3 g6 4.Bb5 Nd4 5.Nxd4 cxd4 6.c4 Bg7 7.O-O a6 8.Ba4 
Nf6 9.d3 O-O 10.Nd2 d6 11.h3 Nd7 12.Nf3 Nc5 13.Bc2 a5 14.Qe2 f5 15.e5 dxe5
16.Nxe5 Qd6 17.Bd2 b6 18.Rae1 Bb7 19.Qf2 Nd7 20.Qg3 Nxe5 21.fxe5 Qc7 22.h4
Kh8 23.Bf4 e6 24.h5 gxh5 25.Rf2 Rf7 26.Bd1 Rg8 27.Bxh5 Bf8 28.Qh2 Rfg7 29.
Ree2 Be7 30.Bh6 Bg5 31.Bxg7+ Qxg7 32.Kh1 Be3 33.Rf1 f4 34.Bf3 Bxf3 35.gxf3
Qxe5 36.Rg2 Rg3 37.Qh4 Qf5 38.Rxg3 fxg3 39.Qxg3 Qxd3 40.Qe5+ Kg8 41.Qxe6+ 
Kf8 42.Qc8+ Kf7 43.Qh3 Qxc4 44.Qxh7+ Kf6 45.Qh4+ Kf7 46.Qh3 Qxa2 47.Qd7+ 
Kf8 48.Qd8+ Kf7 49.Qc7+ Kf8 50.Qxb6 Qd5 51.Qf6+ Kg8 52.Ra1 Qh5+ 53.Kg2 Qb5
54.Kh3 Qd7+ 55.Kg3 Qc7+ 56.f4 Qc2 57.Rxa5 Bf2+ 58.Kg4 Qd1+ 59.Kf5 1-0

[Event "15th Mikhail Chigorin Memorial"]
[Site "Sochi URS"]
[Date "1981.08.31"]
[Round "8"]
[Board "1"]
[White "Pribyl, Josef"]
[Black "Espig, Lutz"]
[Result "1/2-1/2"]
[WhiteElo "2440"]
[BlackElo "2485"]
[EventDate "1981.08.22"]
[PlyCount "52"]

1.d4 d5 2.c4 e6 3.Nc3 c5 4.cxd5 exd5 5.Nf3 Nc6 6.g3 Nf6 7.Bg2 Be7 8.O-O 
O-O 9.dxc5 Bxc5 10.Bg5 Be6 11.Bxf6 Qxf6 12.Nxd5 Qxb2 13.Nc7 Rad8 14.Qc1 
Qxc1 15.Raxc1 b6 16.Nxe6 fxe6 17.Rc4 Nd4 18.Nxd4 Rxd4 19.Rxd4 Bxd4 20.e3 
Bc5 21.Rd1 Re8 22.Rd7 Re7 23.Rd8+ Kf7 24.Be4 g6 25.h4 Re8 26.Rxe8 Kxe8 1/2-1/2

[Event "15th Mikhail Chigorin Memorial"]
[Site "Sochi URS"]
[Date "1981.08.31"]
[Round "8"]
[Board "8"]
[White "Panchenko, Alexander"]
[Black "Westerinen, Heikki"]
[Result "1/2-1/2"]
[WhiteElo "2530"]
[BlackElo "2425"]
[EventDate "1981.08.22"]
[PlyCount "56"]

1.d4 d5 2.Nf3 Nf6 3.c4 c6 4.Nc3 e6 5.e3 Nbd7 6.Bd3 dxc4 7.Bxc4 b5 8.Bd3 a6
9.e4 c5 10.d5 c4 11.dxe6 fxe6 12.Bc2 Bb7 13.O-O Qc7 14.Qe2 O-O-O 15.b3 Ne5
16.bxc4 Bb4 17.Nd1 Qxc4 18.Qxc4+ Nxc4 19.Ne3 Bxe4 20.Bxe4 Nxe4 21.Nxc4 
bxc4 22.Rb1 a5 23.Ne5 Rhf8 24.Nxc4 Nxf2 25.Bg5 Bc5 26.Nb6+ Kc7 27.Bxd8+ 
Kxd8 28.Na4 Nh3+ 1/2-1/2

[Event "15th Mikhail Chigorin Memorial"]
[Site "Sochi URS"]
[Date "1981.09.02"]
[Round "9"]
[Board "2"]
[White "Espig, Lutz"]
[Black "Kharitonov, Andrei"]
[Result "1/2-1/2"]
[WhiteElo "2485"]
[BlackElo "2460"]
[EventDate "1981.08.22"]
[PlyCount "58"]

1.Nf3 d5 2.c4 e6 3.g3 Nf6 4.Bg2 dxc4 5.Qa4+ Nbd7 6.Qxc4 c5 7.O-O b6 8.d4 
Bb7 9.Nc3 a6 10.dxc5 Bxc5 11.b4 b5 12.Qb3 Ba7 13.Bf4 O-O 14.Rad1 Rc8 15.
Rd3 Nd5 16.Nxd5 Bxd5 17.Qa3 Qb6 18.e4 Bc6 19.Nd4 Ba8 20.Nf5 exf5 21.Rxd7 
Bb8 22.Bxb8 Rxb8 23.Rfd1 Bc6 24.R7d6 Qb7 25.Bh3 Bxe4 26.Qxa6 Qc7 27.Bg2 
Qc2 28.Bxe4 fxe4 29.Qc6 Rbc8 1/2-1/2

[Event "15th Mikhail Chigorin Memorial"]
[Site "Sochi URS"]
[Date "1981.09.02"]
[Round "9"]
[Board "7"]
[White "Westerinen, Heikki"]
[Black "Tseshkovsky, Vitaly"]
[Result "0-1"]
[WhiteElo "2425"]
[BlackElo "2575"]
[EventDate "1981.08.22"]
[PlyCount "54"]

1.e4 c5 2.f4 d5 3.exd5 Qxd5 4.Nc3 Qd8 5.Nf3 Nc6 6.Bb5 Bd7 7.O-O Nf6 8.Ne5 
Rc8 9.Qe2 e6 10.Bxc6 Bxc6 11.f5 Be7 12.Nb5 c4 13.a4 exf5 14.Kh1 Bd5 15.
Nxa7 Rc5 16.d4 cxd3 17.Nxd3 Ra5 18.Nb5 O-O 19.Rxf5 Qd7 20.Re5 Be6 21.Bg5 
h6 22.Bh4 Rfa8 23.b3 Ng4 24.Bxe7 Nxe5 25.Bb4 Rxb5 26.Nxe5 Qd4 27.Rd1 Rxe5 0-1

[Event "15th Mikhail Chigorin Memorial"]
[Site "Sochi URS"]
[Date "1981.09.03"]
[Round "10"]
[Board "3"]
[White "Lengyel, Levente"]
[Black "Espig, Lutz"]
[Result "1/2-1/2"]
[WhiteElo "2400"]
[BlackElo "2485"]
[EventDate "1981.08.22"]
[PlyCount "28"]

1.d4 Nf6 2.c4 e6 3.Nf3 d5 4.Nc3 c5 5.e3 a6 6.a3 dxc4 7.Bxc4 b5 8.Be2 Bb7 
9.O-O Nc6 10.dxc5 Qxd1 11.Rxd1 Bxc5 12.b4 Be7 13.Bb2 O-O 14.Kf1 Rfd8 1/2-1/2

[Event "15th Mikhail Chigorin Memorial"]
[Site "Sochi URS"]
[Date "1981.09.03"]
[Round "10"]
[Board "4"]
[White "Pinter, Jozsef"]
[Black "Vaisser, Anatoly"]
[Result "1-0"]
[WhiteElo "2510"]
[BlackElo "2385"]
[EventDate "1981.08.22"]
[PlyCount "96"]

1.d4 Nf6 2.c4 e6 3.Nc3 Bb4 4.Nf3 c5 5.e3 d6 6.Bd3 Bxc3+ 7.bxc3 Nc6 8.O-O 
e5 9.Nd2 O-O 10.d5 Ne7 11.f3 Kh8 12.e4 g5 13.Rf2 Ng6 14.g3 Ne8 15.Qc2 Ng7 
16.Bb2 Bd7 17.Re1 f6 18.Bc1 Rf7 19.Nf1 f5 20.exf5 Bxf5 21.Nd2 Bxd3 22.Qxd3
Nf5 23.Ne4 h6 24.Qf1 Qd7 25.Qh3 Kg7 26.Ref1 Qe7 27.Qh5 Rh8 28.Rg2 Qd7 29.
Qg4 Qa4 30.h4 Qxc4 31.Nxg5 Qxg4 32.Ne6+ Kg8 33.fxg4 Nfe7 34.Rxf7 Kxf7 35.
Rf2+ Ke8 36.h5 Nf8 37.Ng7+ Kd8 38.Bxh6 Nxd5 39.Rxf8+ Rxf8 40.Ne6+ Ke7 41.
Nxf8 Nxc3 42.g5 Ne4 43.Kg2 c4 44.g6 b5 45.Nh7 b4 46.Bc1 b3 47.axb3 cxb3 
48.h6 a5 1-0

[Event "15th Mikhail Chigorin Memorial"]
[Site "Sochi URS"]
[Date "1981.09.03"]
[Round "10"]
[Board "8"]
[White "Tseshkovsky, Vitaly"]
[Black "Polugaevsky, Lev"]
[Result "1-0"]
[WhiteElo "2575"]
[BlackElo "2610"]
[EventDate "1981.08.22"]
[PlyCount "55"]

1.e4 c5 2.Nf3 e6 3.d4 cxd4 4.Nxd4 Nf6 5.Nc3 d6 6.Be2 Be7 7.O-O O-O 8.f4 a6
9.a4 Nc6 10.Be3 Qc7 11.Kh1 Re8 12.Bd3 Nxd4 13.Bxd4 e5 14.Be3 exf4 15.Rxf4 
Be6 16.Nd5 Bxd5 17.exd5 Bd8 18.Bd4 Qa5 19.c3 Rb8 20.Qf3 Re5 21.Bxe5 dxe5 
22.Rf5 b5 23.Rxe5 bxa4 24.Rae1 g6 25.g4 Kg7 26.d6 Qb6 27.g5 Ng8 28.Bc4 1-0

[Event "15th Mikhail Chigorin Memorial"]
[Site "Sochi URS"]
[Date "1981.09.??"]
[Round "11"]
[Board "8"]
[White "Gufeld, Eduard"]
[Black "Tseshkovsky, Vitaly"]
[Result "1/2-1/2"]
[WhiteElo "2520"]
[BlackElo "2575"]
[EventDate "1981.08.22"]
[PlyCount "41"]

1.e4 c5 2.Nf3 Nc6 3.d4 cxd4 4.Nxd4 Nf6 5.Nc3 e5 6.Ndb5 d6 7.Bg5 a6 8.Na3 
b5 9.Nd5 Be7 10.Bxf6 Bxf6 11.g3 O-O 12.Bg2 Bg5 13.O-O Rb8 14.c3 Bh6 15.Nc2
a5 16.Qd3 g6 17.Rfd1 Bg4 18.Bf3 Be6 19.b4 axb4 20.cxb4 Bg7 21.Nc3 1/2-1/2